PHARMACEUTICAL INORGANIC CHEMISTRY (Record no. 7117)

MARC details
000 -LEADER
fixed length control field 00327nam a2200133Ia 4500
008 - FIXED-LENGTH DATA ELEMENTS--GENERAL INFORMATION
fixed length control field 150301s2015 xx 000 0 und d
082 ## - DEWEY DECIMAL CLASSIFICATION NUMBER
Classification number 615.19
Item number P11R
100 ## - MAIN ENTRY--PERSONAL NAME
Personal name K.S. RAO
245 ## - TITLE STATEMENT
Title PHARMACEUTICAL INORGANIC CHEMISTRY
260 ## - PUBLICATION, DISTRIBUTION, ETC. (IMPRINT)
Name of publisher, distributor, etc. PLARMA MED PRESS
300 ## - PHYSICAL DESCRIPTION
Extent 540
650 ## - SUBJECT ADDED ENTRY--TOPICAL TERM
Topical term or geographic name as entry element INORGANIC CHEMISTRY
942 ## - ADDED ENTRY ELEMENTS (KOHA)
Source of classification or shelving scheme Dewey Decimal Classification
Koha item type Books
Koha issues (borrowed), all copies 5
Holdings
Withdrawn status Lost status Source of classification or shelving scheme Damaged status Not for loan Collection code Home library Current library Date acquired Source of acquisition Cost, normal purchase price SGTU Bill Number Total Checkouts Full call number Barcode Date last seen Date last checked out Bill Date Koha item type Shelving location
    Dewey Decimal Classification     PHARMACY SGT FA-FP Library SGT FA-FP Library 02/07/2015 ABC DELHI 275.00 SGTU 492 22 615.19 P11R FP436 30/05/2026 06/04/2026 24/11/2014 Books  
    Dewey Decimal Classification     PHARMACY SGT FA-FP Library SGT FA-FP Library 02/07/2015 ABC DELHI 275.00 SGTU 492 10 615.19 P11R FP437 12/12/2023 12/12/2023 24/11/2014 Books  
    Dewey Decimal Classification     PHARMACY SGT FA-FP Library SGT FA-FP Library 02/07/2015 ABC DELHI 275.00 SGTU 492 3 615.19 P11R FP438 09/11/2017 31/10/2017 24/11/2014 Books Reference Book
    Dewey Decimal Classification     PHARMACY SGT FA-FP Library SGT FA-FP Library 02/07/2015 ABC DELHI 275.00 SGTU 492 21 615.19 P11R FP439 10/02/2026 10/02/2026 24/11/2014 Books  
    Dewey Decimal Classification     PHARMACY SGT FA-FP Library SGT FA-FP Library 02/07/2015 ABC DELHI 275.00 SGTU 492 17 615.19 P11R FP440 06/06/2024 06/05/2024 24/11/2014 Books